Southville International School and Colleges
Your cart is empty.
  • Cart
  • Lists
    Public lists Eva Luna New books Lux_list list_1
    Your lists Log in to create your own lists
  • Log in to your account
  • Your cookies
  • Search history
Southville International School and Colleges
  • Advanced search
  • Recent comments
  • Most popular
  • Libraries

Log in to your account

Log in with GOOGLE


If you do not have an external account, but do have a local account, you can still log in:

  1. Home
  2. MARC view: Around the world in 80 days
Normal view MARC view ISBD view

Around the world in 80 days (Record no. 10931)

[ view plain ]
MARC details
000 -LEADER
fixed length control field 00499nam a22001937a 4500
003 - CONTROL NUMBER IDENTIFIER
control field LC
005 - DATE AND TIME OF LATEST TRANSACTION
control field 20160222144658.0
008 - FIXED-LENGTH DATA ELEMENTS--GENERAL INFORMATION
fixed length control field 121115t xxu||||| |||| 00| 0 eng d
020 ## - INTERNATIONAL STANDARD BOOK NUMBER
International Standard Book Number 8917162274
050 ## - LIBRARY OF CONGRESS CALL NUMBER
Classification number PQ 2469
Item number .V531 1999
082 ## - DEWEY DECIMAL CLASSIFICATION NUMBER
Classification number FIC
Item number V59a 1999
100 ## - MAIN ENTRY--PERSONAL NAME
Personal name Verne, Jules
245 ## - TITLE STATEMENT
Title Around the world in 80 days
Statement of responsibility, etc Jules Verne.
260 ## - PUBLICATION, DISTRIBUTION, ETC. (IMPRINT)
Place of publication, distribution, etc Seoul, Korea :
Name of publisher, distributor, etc YBM Si-yong-o-sa,
Date of publication, distribution, etc 1999.
300 ## - PHYSICAL DESCRIPTION
Extent 104 p. ;
Other physical details 20 cm.
650 ## - SUBJECT ADDED ENTRY--TOPICAL TERM
Topical term or geographic name as entry element Fiction
9 (RLIN) 746
942 ## - ADDED ENTRY ELEMENTS (KOHA)
Source of classification or shelving scheme Library of Congress Classification
Koha item type Books
Holdings
Withdrawn status Lost status Source of classification or shelving scheme Damaged status Home library Current library Shelving location Date acquired Total Checkouts Full call number Barcode Date last seen Copy number Price effective from Koha item type
    Library of Congress Classification   Luxembourg Library Luxembourg Library Fiction Section 09/11/2013   PQ 2469 .V531 1999 18826 10/23/2017 1 09/11/2013 Books

Around the world in 80 days

APA

Verne J., . (1999). Around the world in 80 days. Seoul, Korea: YBM Si-yong-o-sa.

Chicago

Verne Jules, . 1999. Around the world in 80 days. Seoul, Korea: YBM Si-yong-o-sa.

Harvard

Verne J., . (1999). Around the world in 80 days. Seoul, Korea: YBM Si-yong-o-sa.

MLA

Verne Jules, . Around the world in 80 days. Seoul, Korea: YBM Si-yong-o-sa. 1999.

  • Place hold
  • Print
  • Cite
  • Add to your cart (remove)
  • Save record
    BIBTEX Dublin Core MARCXML MARC (non-Unicode/MARC-8) MARC (Unicode/UTF-8) MARC (Unicode/UTF-8, Standard) MODS (XML) RIS
  • More searches
    Search for this title in:
    Other Libraries (WorldCat) Other Databases (Google Scholar) Online Stores (Bookfinder.com) Open Library (openlibrary.org)

Exporting to Dublin Core...

SOUTHVILLE LIBRARY

Southville International School and Colleges Library

1281 Tropical Ave. Cor. Luxembourg St., BF Homes International, Las Pinas City

Tel. No. 8256374 / 252358 Loc. 117/146

Powered by Koha